| 000 | 00638nam a2200193 a 4500 | ||
|---|---|---|---|
| 001 | 000025314 | ||
| 005 | 20200930023712.0 | ||
| 008 | 101216s1998 sp ab r 000 f spa d | ||
| 040 |
_aDO-SdBNP _bspa _cBNPHU |
||
| 082 |
_axxx _bD476c |
||
| 245 | 1 | 0 |
_aCon destino a la comunicación : _boral and written expression in spanish / _cPaul Michael Chandler ... [et al.]. |
| 260 |
_aBoston : _bMcGraw-Hill, _c1998. |
||
| 300 |
_axvii, 185 p. ; : _bil., maps. ; _c23 cm. |
||
| 700 | 1 |
_aChandler, Paul Michael _928161 |
|
| 700 | 1 |
_aGómez, Rafael _951851 |
|
| 700 | 1 |
_aKihyet, Constance _951852 |
|
| 700 | 1 |
_aSharron, Michael _951853 |
|
| 049 | _aBNGR | ||
| 999 |
_c24807 _d24807 |
||